| 000 | 00438cam a22001457a 4500 | ||
|---|---|---|---|
| 008 | 180718b1932 xxu||||| |||| 00| 0 eng d | ||
| 082 | _aK933 T799 | ||
| 100 | _aTuckett, Ivor | ||
| 245 |
_aEvidence for the supernatural: a critical study made with ''Uncommon Sense'' _cby Ivor Tuckett |
||
| 260 |
_aLondon _bWatts _c1932 |
||
| 300 | _a146p. | ||
| 440 | _aThe Thinker's Library No. 27 | ||
| 650 | _aParapsychology | ||
| 650 | _aSupernatural | ||
| 999 |
_c431133 _d431133 |
||